| 000 | 00968nam a2200301 i 4500 | ||
|---|---|---|---|
| 001 | 9756 | ||
| 003 | ES-MaACL | ||
| 005 | 20250831063030.0 | ||
| 007 | t| | ||
| 008 | 940104s1993 sp ||||1| spa d | ||
| 020 | _a84-7658-307-9 | ||
| 080 | _a130.2 | ||
| 080 | _a1:4 | ||
| 080 | _a4:1 | ||
| 080 | _a4.01 | ||
| 100 | 1 |
_aOrtiz-Osés, Andrés, _d1943-2021 _987635 |
|
| 245 | 1 | 4 |
_aLas Claves simbólicas de nuestra cultura _b: matriarcalismo, patriarcalismo, fratriarcalismo / _cAndrés Ortiz-Osés ; proemio de Eugenio Trías. |
| 250 | _a[1ª ed.]. | ||
| 260 |
_aBarcelona : _bAnthropos, _c1993. |
||
| 300 |
_a463 p. ; _c20 cm. |
||
| 490 | 1 |
_aAutores, textos y temas. Hermeneusis ; _v13 |
|
| 650 |
_aCultura- _xFilosofía. _911518 |
||
| 650 | 4 |
_aHermenéutica. _913329 |
|
| 700 | 1 |
_aTrías, Eugenio. _9111368 |
|
| 830 | 0 |
_aAutores, textos y temas. Hermeneusis ; _v13 _9177421 |
|
| 852 |
_aES-MaACL _jL-17042 _bR.121485 |
||
| 999 |
_c9756 _d9756 |
||